|
|
|
|
| LEADER |
00000nab a2200000 a 4500 |
| 001 |
vtls009008218 |
| 003 |
SK-MaSNL |
| 005 |
20260303065511.0 |
| 008 |
070719c20070613xo drz 0 0slo |
| 038 |
|
|
|a KEVKJB
|
| 040 |
|
|
|a KEVKJB
|b slo
|c KEVKJB
|e AACR2
|
| 041 |
0 |
|
|a slo
|
| 044 |
|
|
|a xo
|c SK
|
| 080 |
|
|
|a 669.1
|2 2001
|
| 080 |
|
|
|a 331
|2 2001
|
| 245 |
0 |
0 |
|a Jozefa Horvátha šokovalo, keď mu ponúkli pracovnú zmluvu
|b na prácu v U. S. Steele sa teší aj Marek Krok
|c [autor] (krs)
|
| 300 |
|
|
|b Fotogr.
|
| 610 |
2 |
7 |
|a U.S. Steel (Košice, Slovensko)
|x Rómovia
|2 kevkjb
|9 1045428
|
| 650 |
0 |
7 |
|a Rómovia
|x zamestnávanie
|2 kevkjb
|9 876923
|
| 651 |
|
7 |
|a Košice (Slovensko)
|2 kevkjb
|9 18694
|
| 655 |
|
7 |
|a romiká
|2 kevkjb
|9 310820
|
| 773 |
0 |
|
|t Košický denník Korzár
|g Roč. X, č. 135 (13.6.2007), s. 2
|x 1335-4566
|
| 852 |
|
|
|a KEVKJB
|b KIS3GCP
|
| 856 |
4 |
1 |
|u www.korzar.sk
|
| 958 |
|
|
|a RQ
|
| 999 |
|
|
|c 1751434
|d 1753364
|